Normal view
MARC view
Entry Personal Name
001 - CONTROL NUMBER
- control field: 8465
003 - CONTROL NUMBER IDENTIFIER
- control field: BD-RjUL
005 - DATE AND TIME OF LATEST TRANSACTION
- control field: 20230822144103.0
008 - FIXED-LENGTH DATA ELEMENTS
- fixed length control field: 230822|| aca||aabn | a|a d
040 ## - CATALOGING SOURCE
- Original cataloging agency: BD-RjUL
- Transcribing agency: BD-RjUL
100 ## - HEADING--PERSONAL NAME
- Personal name: মিত্র, প্রেমেন্দ্র
- Dates associated with a name: (১৯০৪-১৯৮৮)
- General subdivision: সমালোচনা ও ব্যাখা
670 ## - SOURCE DATA FOUND
- Source citation: Work cat.: (BD-RjUL)81740: ঘোষ, নিতাই কুমার 8464, প্রেমেন্দ্র মিত্রের গল্পে সমাজবাস্তবতা /, ২০০৯